000 00346nam a2200133Ia 4500
008 240624s9999 xx 000 0 und d
041 _aeng
082 _a658.406 NEI
100 _aNEILSON GARY L
245 _aRESULTS KEEP WHAT S GOOD FIX WHAT S WRON
260 _c2007
_aNew Delhi
_bWiley India
300 _a306 : p. : cm. ; 22
365 _cRS
_b30
999 _c8266
_d8266